[Event "South African op"]
[Site "Cape Town"]
[Date "2022.07.09"]
[Round "2"]
[White "Goredema, Dione"]
[Black "Levin, Benny"]
[Result "1/2-1/2"]
[WhiteElo "1719"]
[BlackElo "1619"]
[PlyCount "20"]
[EventDate "2022.07.09"]
[EventType "swiss"]
[EventRounds "11"]
[EventCountry "RSA"]
[SourceTitle "CBM 209 Extra"]
[Source "ChessBase"]
[SourceDate "2022.09.30"]
[SourceVersion "1"]
[SourceVersionDate "2022.09.30"]
[SourceQuality "1"]

1. e4 g6 2. d4 Bg7 3. Nc3 c5 4. Nf3 Nc6 5. Be3 cxd4 6. Nxd4 d6 7. Be2 Nf6 8. f4 Bd7 9. Qd2 a6 10. 0-0-0 Rc8 1/2-1/2

[Event "Western Province-chT"]
[Site "Cape Town"]
[Date "2018.08.11"]
[Round "3"]
[White "Goredema, Dione"]
[Black "Londt, Christopher P"]
[Result "0-1"]
[WhiteElo "1823"]
[BlackElo "1671"]
[PlyCount "90"]
[EventDate "2018.08.04"]
[EventType "team-tourn"]
[EventRounds "11"]
[EventCountry "RSA"]
[SourceTitle "EXT 2020"]
[Source "ChessBase"]
[SourceDate "2019.10.17"]
[SourceVersion "1"]
[SourceVersionDate "2019.10.17"]
[SourceQuality "1"]
[WhiteTeam "African Chess Lounge"]
[BlackTeam "MRL"]
[WhiteTeamCountry "RSA"]
[BlackTeamCountry "RSA"]

1. Nf3 Nf6 2. g3 g6 3. Bg2 Bg7 4. 0-0 0-0 5. c4 d6 6. Nc3 c5 7. Rb1 Nc6 8. d3 Bf5 9. a3 Na5 10. b4 cxb4 11. axb4 Nc6 12. b5 Na5 13. Qa4 Rc8 14. Bd2 Qc7 15. Rfc1 b6 16. Nd5 Nxd5 17. cxd5 Qd8 18. Nd4 Rxc1+ 19. Rxc1 Bxd4 20. Qxd4 Nb3 21. Qb2 Nxc1 22. Bxc1 f6 23. h4 Qc7 24. Be3 Rc8 25. Bf3 h5 26. Qb4 Qd7 27. Qf4 Bg4 28. Be4 Bf5 29. Bf3 Qxb5 30. Bxh5 gxh5 31. Qxf5 Qe8 32. Bh6 Ra8 33. g4 Qf7 34. Qd7 a5 35. Qb7 Qe8 36. g5 Rb8 37. Qc7 a4 38. gxf6 Rc8 39. Qa7 Ra8 40. f7+ Kxf7 41. Qxb6 a3 42. Qd4 Qg8+ 43. Kh2 Qg6 44. Bg5 Qf5 45. Qb6 Qe5+ 0-1

[Event "RSA-chT Regions"]
[Site "Cape Town"]
[Date "2016.01.09"]
[Round "3.1"]
[White "Goredema, Dione"]
[Black "Mthunzi, Clive"]
[Result "1/2-1/2"]
[WhiteElo "1620"]
[BlackElo "1827"]
[PlyCount "35"]
[EventDate "2016.01.08"]
[EventType "team-swiss"]
[EventRounds "7"]
[EventCountry "RSA"]
[SourceTitle "CBM 170 Extra"]
[Source "ChessBase"]
[SourceDate "2016.02.25"]
[SourceVersion "1"]
[SourceVersionDate "2016.02.25"]
[SourceQuality "1"]
[WhiteTeam "Western Province Youth II"]
[BlackTeam "Ekurhuleni"]
[WhiteTeamCountry "RSA"]
[BlackTeamCountry "RSA"]

1. Nf3 Nf6 2. g3 g6 3. Bg2 Bg7 4. 0-0 0-0 5. d3 d5 6. c3 c5 7. a4 Nc6 8. Na3 Re8 9. Bg5 h6 10. Bxf6 Bxf6 11. Qd2 Kh7 12. e4 Be6 13. Qc2 a6 14. h3 Rc8 15. Nd2 dxe4 16. dxe4 Qc7 17. Nac4 Qb8 18. f4 1/2-1/2

[Event "RSA-chT Regions"]
[Site "Cape Town"]
[Date "2016.01.08"]
[Round "2.1"]
[White "Makhubela, Linda"]
[Black "Goredema, Dione"]
[Result "0-1"]
[WhiteElo "1586"]
[BlackElo "1620"]
[PlyCount "38"]
[EventDate "2016.01.08"]
[EventType "team-swiss"]
[EventRounds "7"]
[EventCountry "RSA"]
[SourceTitle "CBM 170 Extra"]
[Source "ChessBase"]
[SourceDate "2016.02.25"]
[SourceVersion "1"]
[SourceVersionDate "2016.02.25"]
[SourceQuality "1"]
[WhiteTeam "Johannesburg Metro II"]
[BlackTeam "Western Province Youth II"]
[WhiteTeamCountry "RSA"]
[BlackTeamCountry "RSA"]

1. e4 e5 2. Nf3 Nf6 3. Nc3 Nc6 4. Bc4 Bb4 5. 0-0 0-0 6. d3 h6 7. a3 Be7 8. Ne2 d5 9. exd5 Nxd5 10. Ng3 Bg4 11. h3 Bc8 12. Qe2 Nd4 13. Nxd4 exd4 14. f4 Ne3 15. Bxe3 dxe3 16. Qxe3 Re8 17. Rad1 Bd6 18. Qf3 b6 19. Kh1 Bd7 0-1

[Event "RSA-chT U20"]
[Site "Cape Town"]
[Date "2016.01.05"]
[Round "3.5"]
[White "Goredema, Dione"]
[Black "Paupamah, Prineel"]
[Result "1-0"]
[WhiteElo "1620"]
[BlackElo "1215"]
[PlyCount "55"]
[EventDate "2016.01.04"]
[EventType "team-tourn"]
[EventRounds "7"]
[EventCountry "RSA"]
[SourceTitle "CBM 170 Extra"]
[Source "ChessBase"]
[SourceDate "2016.02.25"]
[SourceVersion "1"]
[SourceVersionDate "2016.02.25"]
[SourceQuality "1"]
[WhiteTeam "Western Province"]
[BlackTeam "Ekurhuleni"]
[WhiteTeamCountry "RSA"]
[BlackTeamCountry "RSA"]

1. e4 e5 2. Nf3 Nc6 3. d4 exd4 4. Bc4 h6 5. 0-0 Bc5 6. c3 dxc3 7. Bxf7+ Kxf7 8. Qd5+ Ke8 9. Qxc5 d6 10. Qh5+ Kf8 11. Nxc3 Nf6 12. Qb5 a6 13. Qb3 Qe7 14. Nd5 Nxd5 15. exd5 Na5 16. Qc3 b6 17. Be3 Bg4 18. Bd4 Bxf3 19. Qxf3+ Qf7 20. Qc3 Rg8 21. Rac1 Qf5 22. Rfd1 Qf7 23. Rd3 Qd7 24. Qxc7 Qxc7 25. Rxc7 b5 26. Rf3+ Ke8 27. Bxg7 Rxg7 28. Rxg7 1-0